Fonctions de référence - Statistiques

Statistiques générales
  • Ce quiz a été pris 65 fois
  • Le résultat moyen est 5 sur 8
Statistiques - réponses
Hint Réponse % Correct
f(x)= x
97%
f(x)= x^2
89%
f(x)= x^3
79%
f(x)= 1:x
71%
f(x)= e^x
42%
f(x)= sqrt x
42%
f(x)= sin(x)
31%
f(x)= cos(x)
26%
Aucun quiz correspondant
Distribution des résultats
% des personnes avec chaque résultat
Percentile par nombre de réponses
Votre historique - résultats
Vous n’avez pas pris ce quiz